[Event "Rated Blitz game"]
[Site "?"]
[Date "2021.06.07"]
[Round "?"]
[White "Yordan_Asenov"]
[Black "KamranShirazi"]
[Result "0-1"]
[WhiteElo "2315"]
[BlackElo "2534"]
[PlyCount "50"]
[EventDate "2021.??.??"]
[EventType "blitz"]

1. e4 e5 2. Nf3 d5 3. Nxe5 Bd6 4. d4 dxe4 5. Bc4 Bxe5 6. dxe5 Qxd1+ 7. Kxd1
Bg4+ 8. Ke1 Nc6 9. Na3 O-O-O 10. Bg5 f6 11. exf6 Nxf6 12. h3 Bh5 13. g4 Bg6 14.
Rd1 Ne5 15. Be2 Nf3+ 16. Bxf3 exf3 17. Rxd8+ Rxd8 18. Be3 a6 19. c3 b5 20. Bd4
Ne4 21. h4 c5 22. Bxg7 Rd2 23. h5 Bf7 24. Rh3 Re2+ 25. Kd1 Nxf2+ {Normal} 0-1

[Event "Rated Blitz game"]
[Site "?"]
[Date "2021.06.07"]
[Round "?"]
[White "chaguito89"]
[Black "oJHoNTANco"]
[Result "1-0"]
[WhiteElo "2408"]
[BlackElo "2378"]
[PlyCount "77"]
[EventDate "2021.??.??"]
[EventType "blitz"]

1. e4 e5 2. Nf3 d5 3. Nxe5 dxe4 4. d4 Bd6 5. Nc3 Bxe5 6. dxe5 Qxd1+ 7. Nxd1 Nc6
8. Bf4 Nge7 9. Bb5 Bd7 10. Nc3 Ng6 11. Bxc6 Bxc6 12. Bg3 O-O-O 13. Ke2 Rhe8 14.
Rad1 Rxd1 15. Rxd1 Nxe5 16. Rd4 f5 17. Bxe5 Rxe5 18. g3 Re7 19. h4 Rd7 20. Ke3
h6 21. h5 Rxd4 22. Kxd4 Kd8 23. Ke5 Bd7 24. Nd5 c6 25. Ne3 Ke7 26. Nxf5+ Bxf5
27. Kxf5 Kf7 28. Kxe4 Kf6 29. Kf4 b5 30. g4 a5 31. Kg3 Ke5 32. f4+ Ke4 33. g5
hxg5 34. fxg5 Kf5 35. h6 gxh6 36. gxh6 Kg6 37. Kf4 Kxh6 38. Ke5 Kg6 39. Kd6 {
Normal} 1-0

[Event "Rated Blitz game"]
[Site "?"]
[Date "2021.06.07"]
[Round "?"]
[White "damir361"]
[Black "pasha1984"]
[Result "0-1"]
[WhiteElo "2417"]
[BlackElo "2400"]
[PlyCount "70"]
[EventDate "2021.??.??"]
[EventType "blitz"]

1. e4 e5 2. Nf3 d5 3. d4 dxe4 4. Nxe5 Bd6 5. Nc4 Nc6 6. Nxd6+ Qxd6 7. c3 Nge7
8. Be2 Qg6 9. O-O Bh3 10. g3 Bxf1 11. Bxf1 O-O-O 12. Nd2 f5 13. Nc4 h5 14. h4
Qe6 15. Bg5 Rd7 16. Ne3 Ne5 17. Qa4 Nf3+ 18. Kg2 a6 19. Bc4 Qd6 20. Bxe7 Qxe7
21. Nxf5 Qf6 22. Ne3 g5 23. Qb3 Nd2 24. Qc2 Qf3+ 25. Kg1 Nxc4 26. Nxc4 gxh4 27.
Nd2 Qd3 28. Qxd3 exd3 29. gxh4 Rg8+ 30. Kf1 Rg4 31. Nf3 Rf7 32. Ne5 Rxh4 33.
Nxf7 Rh1+ 34. Kg2 Rxa1 35. Kf3 d2 {Normal} 0-1

[Event "Rated Blitz game"]
[Site "?"]
[Date "2021.06.07"]
[Round "?"]
[White "marxistpawns"]
[Black "liaqat321"]
[Result "1-0"]
[WhiteElo "2491"]
[BlackElo "2416"]
[PlyCount "63"]
[EventDate "2021.??.??"]
[EventType "blitz"]

1. e4 e5 2. Nf3 d5 3. exd5 e4 4. Qe2 Nf6 5. Nc3 Be7 6. Nxe4 Nxd5 7. Qd1 O-O 8.
d4 Re8 9. Be2 Bb4+ 10. Ned2 Qe7 11. c3 Bd6 12. Nf1 Bg4 13. Ne3 Nf4 14. O-O
Nxe2+ 15. Qxe2 Bh5 16. Bd2 Nd7 17. Rfe1 Nf6 18. c4 c5 19. d5 Nd7 20. Kf1 Ne5
21. Nf5 Qf6 22. Nxd6 Bxf3 23. gxf3 Qxd6 24. f4 Nd7 25. Qxe8+ Rxe8 26. Rxe8+ Nf8
27. Rae1 h6 28. R1e7 Kh7 29. Rxf7 Ng6 30. Bc3 h5 31. Rxg7+ Kh6 32. Re6 {Normal}
1-0

[Event "Rated Blitz game"]
[Site "?"]
[Date "2021.06.07"]
[Round "?"]
[White "FunnyPlz"]
[Black "DarthZannah"]
[Result "0-1"]
[WhiteElo "2413"]
[BlackElo "2556"]
[PlyCount "54"]
[EventDate "2021.??.??"]
[EventType "blitz"]

1. e4 e5 2. Nf3 d5 3. d4 dxe4 4. Nxe5 Nd7 5. Nc4 Nb6 6. Ne3 f5 7. g3 Nf6 8. c4
c6 9. Nc3 Be6 10. b3 Qd7 11. c5 Nbd5 12. Ncxd5 Nxd5 13. Nxd5 Bxd5 14. Be3 Be7
15. h4 Bf6 16. Qc2 O-O 17. Rd1 Rad8 18. Bc4 Kh8 19. Bxd5 Qxd5 20. Ke2 Qf7 21.
Kf1 Rd5 22. Kg2 Qh5 23. Rd2 Qf3+ 24. Kh2 f4 25. Bxf4 Bxd4 26. Re1 Rxf4 27. gxf4
Rh5 {Normal} 0-1

[Event "Rated Blitz tournament kb2fUw4C"]
[Site "?"]
[Date "2021.06.07"]
[Round "?"]
[White "Yousuf_Muradi786"]
[Black "vovaches"]
[Result "0-1"]
[WhiteElo "2355"]
[BlackElo "2549"]
[PlyCount "76"]
[EventDate "2021.??.??"]
[EventType "blitz"]

1. e4 e5 2. Nf3 d5 3. Nxe5 Bd6 4. d4 dxe4 5. Nc4 Nf6 6. Be2 Nc6 7. Nc3 O-O 8.
h3 Re8 9. Be3 Be6 10. Nxd6 Qxd6 11. O-O Rad8 12. Nb5 Qd7 13. c3 a6 14. Na3 Nd5
15. Nc2 f5 16. Bg5 Rc8 17. Ne3 h6 18. Nxd5 hxg5 19. Ne3 g4 20. hxg4 f4 21. Nf5
Bxf5 22. gxf5 f3 23. gxf3 Qxf5 24. fxe4 Rxe4 25. f3 Qg5+ 26. Kf2 Qh4+ 27. Kg2
Qg5+ 28. Kf2 Rh4 29. Qb3+ Kh8 30. Rh1 Re8 31. Rag1 Qe3+ 32. Kg3 Qf4+ 33. Kf2
Rh2+ 34. Kf1 Rexe2 35. Rxh2+ Rxh2 36. Qe6 Qxf3+ 37. Ke1 Qf2+ 38. Kd1 Qd2# {
Normal} 0-1

[Event "Rated Blitz game"]
[Site "?"]
[Date "2021.06.07"]
[Round "?"]
[White "saman_amirpour"]
[Black "lego00"]
[Result "1-0"]
[WhiteElo "2382"]
[BlackElo "2413"]
[PlyCount "28"]
[EventDate "2021.??.??"]
[EventType "blitz"]

1. e4 e5 2. Nf3 d5 3. exd5 c6 4. dxc6 Nxc6 5. Nc3 Bg4 6. h3 Bh5 7. g4 Bg6 8.
Bb5 Bc5 9. Nxe5 Qd4 10. Qe2 O-O-O 11. Bxc6 bxc6 12. Nxc6 Qxf2+ 13. Qxf2 Bxf2+
14. Kxf2 Rd6 {Normal} 1-0

[Event "Rated Blitz game"]
[Site "?"]
[Date "2021.06.07"]
[Round "?"]
[White "Starazagora"]
[Black "khalid_ontawar"]
[Result "1-0"]
[WhiteElo "2439"]
[BlackElo "2408"]
[PlyCount "135"]
[EventDate "2021.??.??"]
[EventType "blitz"]

1. e4 e5 2. Nf3 d5 3. exd5 e4 4. Nd4 Qxd5 5. Nb3 Bd6 6. Nc3 Qe5 7. Be2 Nf6 8.
d3 exd3 9. Qxd3 O-O 10. Be3 Bf5 11. Qd4 Bxc2 12. Qxe5 Bxe5 13. Nc5 Bxc3+ 14.
bxc3 b6 15. Bf3 c6 16. Nb3 Be4 17. O-O-O Bxf3 18. gxf3 Nd5 19. Kc2 Na6 20. Nd4
Rac8 21. Nf5 g6 22. Nd6 Rcd8 23. Ne4 f5 24. Ng5 Rfe8 25. Rhe1 h6 26. Nh3 Kh7
27. Nf4 Nxf4 28. Bxf4 Nc5 29. h4 Rxe1 30. Rxe1 Rd7 31. Re8 Kg7 32. Be5+ Kf7 33.
Rh8 h5 34. Rc8 Nd3 35. f4 c5 36. Rc6 Ne1+ 37. Kc1 Nd3+ 38. Kc2 Ne1+ 39. Kc1
Nd3+ 40. Kc2 c4 41. Rf6+ Ke7 42. Rxg6 Ne1+ 43. Kc1 Rd3 44. Rg5 Ke6 45. Rxh5 Rf3
46. Rh6+ Kd5 47. Rd6+ Kc5 48. Rd7 Kb5 49. Rxa7 Nd3+ 50. Kd2 Rxf2+ 51. Ke3 Rh2
52. a4+ Kc6 53. Rc7+ Kd5 54. Rd7+ Kc6 55. Rf7 Rh3+ 56. Kd2 Rh2+ 57. Kd1 Rh1+
58. Ke2 Rh2+ 59. Kf3 Rh3+ 60. Kg2 Rxh4 61. Rxf5 Rg4+ 62. Kf3 Rg6 63. Rf6+ Rxf6
64. Bxf6 Kd5 65. Bd4 Ke6 66. Bxb6 Kf7 67. Bd4 Nb4 68. a5 {Time forfeit} 1-0

[Event "Rated Blitz game"]
[Site "?"]
[Date "2021.06.07"]
[Round "?"]
[White "Starazagora"]
[Black "khalid_ontawar"]
[Result "1/2-1/2"]
[WhiteElo "2440"]
[BlackElo "2407"]
[PlyCount "135"]
[EventDate "2021.??.??"]
[EventType "blitz"]

1. e4 e5 2. Nf3 d5 3. d3 dxe4 4. dxe4 Qxd1+ 5. Kxd1 Bg4 6. Bd3 Bxf3+ 7. gxf3
Nd7 8. Ke2 O-O-O 9. Be3 Ngf6 10. Nd2 a6 11. Nb3 Nh5 12. Rhg1 f6 13. Rad1 h6 14.
Rg6 Bd6 15. Kf1 Nf8 16. Rg1 g5 17. Ke2 Ne6 18. Kd2 Nef4 19. Kc1 Be7 20. Bc4 b5
21. Bf7 Ne2+ 22. Kb1 Nxg1 23. Rxg1 Nf4 24. a3 Rhf8 25. Bxf4 Rxf7 26. Be3 Bd6
27. Na5 c5 28. c4 Kc7 29. Rc1 Kb6 30. Nb3 Rc7 31. Nd2 Be7 32. Kc2 a5 33. cxb5
Kxb5 34. b3 a4 35. Rb1 axb3+ 36. Rxb3+ Kc6 37. Nc4 Kd7 38. Nb6+ Ke8 39. Nd5
Rcc8 40. Rb7 Rd7 41. Rb6 Kf7 42. a4 Ra7 43. Nc3 c4 44. Rb5 h5 45. h3 Ra6 46.
Kb2 Rcc6 47. Kc2 Ra8 48. Rb7 Rac8 49. Nd5 Re6 50. Kc3 h4 51. a5 Re8 52. Kxc4
Kg6 53. Nxe7+ R8xe7 54. Rxe7 Rxe7 55. a6 Re8 56. Kb5 f5 57. a7 g4 58. fxg4 fxg4
59. f4 g3 60. f5+ Kf7 61. Kb6 Ra8 62. Kb7 Rxa7+ 63. Kxa7 Kf6 64. Kb6 g2 65. Kc5
g1=Q 66. Bxg1 Kg5 67. Be3+ Kh5 68. Kd5 {Normal} 1/2-1/2

[Event "Rated Blitz game"]
[Site "?"]
[Date "2021.06.07"]
[Round "?"]
[White "LususVNaturae"]
[Black "khalid_ontawar"]
[Result "1-0"]
[WhiteElo "2357"]
[BlackElo "2405"]
[PlyCount "35"]
[EventDate "2021.??.??"]
[EventType "blitz"]

1. e4 e5 2. Nf3 d5 3. Nxe5 Qe7 4. d4 f6 5. Nd3 dxe4 6. Nf4 Bf5 7. Bc4 Nc6 8. c3
O-O-O 9. Be3 g5 10. Nd5 Qg7 11. Qa4 Bd7 12. b4 f5 13. b5 Nb8 14. Qxa7 f4 15. b6
fxe3 16. bxc7 exf2+ 17. Kf1 Bc6 18. Qxb8+ {Normal} 1-0

[Event "Rated Blitz game"]
[Site "?"]
[Date "2021.06.07"]
[Round "?"]
[White "Batmanli72"]
[Black "blastol"]
[Result "0-1"]
[WhiteElo "2355"]
[BlackElo "2413"]
[PlyCount "114"]
[EventDate "2021.??.??"]
[EventType "blitz"]

1. e4 e5 2. Nf3 d5 3. Nxe5 Bd6 4. d4 dxe4 5. Nc3 Nf6 6. Bg5 O-O 7. Bc4 Re8 8.
O-O Bxe5 9. dxe5 Qxd1 10. Raxd1 Ng4 11. Nxe4 Nxe5 12. Rfe1 Bd7 13. Bb3 h6 14.
Bh4 Kf8 15. Nc5 Bc6 16. Bg3 Nbd7 17. Nxd7+ Nxd7 18. Bxc7 Nf6 19. Bd6+ Kg8 20.
Be7 Nd7 21. f4 Nb6 22. f5 a5 23. a3 Na4 24. Rb1 Rac8 25. g4 Nb6 26. Rbd1 a4 27.
Ba2 Bf3 28. Rd6 Nc4 29. Bxc4 Rxc4 30. c3 Bxg4 31. f6 Be6 32. Red1 Rg4+ 33. Kf2
gxf6 34. Rd8 Rxd8 35. Rxd8+ Kg7 36. Kf3 Rg1 37. Rd6 Rb1 38. Rb6 Kg6 39. Ke3 Rh1
40. Rxb7 Rxh2 41. Rb4 Bb3 42. c4 Rxb2 43. Kd4 Rd2+ 44. Kc3 Rc2+ 45. Kd4 h5 46.
Bd6 h4 47. c5 h3 48. Rb7 h2 49. Bxh2 Rxh2 50. c6 Rd2+ 51. Kc3 Rc2+ 52. Kb4 Rxc6
53. Rb6 Rc4+ 54. Ka5 Kg5 55. Ka6 f5 56. Rb7 Rd4 57. Rxf7 Bxf7 {Time forfeit}
0-1

[Event "Rated Blitz game"]
[Site "?"]
[Date "2021.06.07"]
[Round "?"]
[White "danieljaber"]
[Black "DarthZannah"]
[Result "0-1"]
[WhiteElo "2392"]
[BlackElo "2585"]
[PlyCount "94"]
[EventDate "2021.??.??"]
[EventType "blitz"]

1. e4 e5 2. Nf3 d5 3. exd5 e4 4. Ne5 Qxd5 5. d4 exd3 6. Nxd3 Nf6 7. Nc3 Qf5 8.
Be2 Bd6 9. Bf3 O-O 10. O-O Nc6 11. Ne2 Ng4 12. Ng3 Qg6 13. Nf4 Bxf4 14. Bxf4
Nge5 15. Bxc6 Nxc6 16. Bxc7 Be6 17. c3 Rac8 18. Bf4 Rfd8 19. Qh5 Qc2 20. Qe2
Qa4 21. Be3 Bc4 22. Qg4 Ne5 23. Qe4 Qb5 24. Rfd1 Re8 25. Qc2 Qc6 26. Bd4 Ng6
27. b3 Bd5 28. f3 Nf4 29. Qf2 h5 30. Nf5 Qg6 31. Ng3 h4 32. Qd2 Ne6 33. Ne4
Bxe4 34. fxe4 Ng5 35. Kh1 h3 36. Rg1 Nxe4 37. Qf4 f6 38. gxh3 Qh5 39. Raf1 Qd5
40. Qf3 Nxc3 41. Qxd5+ Nxd5 42. Bxf6 Nxf6 43. Rxf6 Re2 44. a4 Rcc2 45. Rg3 Re1+
46. Rg1 Rxg1+ 47. Kxg1 gxf6 {Normal} 0-1

[Event "Tetraktys Concept Mgmt Bl"]
[Site "Europe-Echecs INT"]
[Date "2021.06.06"]
[Round "10"]
[White "Rodriguez, Augustin"]
[Black "Dubois, Mart"]
[Result "0-1"]
[WhiteElo "1263"]
[BlackElo "1780"]
[PlyCount "100"]
[EventDate "2021.06.06"]
[SourceTitle "The Week in Chess 1387"]
[Source "Mark Crowther"]
[SourceDate "2021.06.07"]
[SourceVersion "1"]
[SourceVersionDate "2021.06.07"]
[SourceQuality "2"]

1. e4 e5 2. Nf3 d5 3. exd5 e4 4. Nd4 Qxd5 5. Nb3 Nf6 6. Nc3 Qe5 7. Be2 Bd6 8.
d4 exd3 9. Qxd3 O-O 10. Qe3 Re8 11. Qxe5 Bxe5 12. Be3 Nc6 13. O-O Bxc3 14. bxc3
Ne5 15. Rad1 b6 16. Rfe1 Bb7 17. Bd4 c5 18. Bb5 cxd4 19. Bxe8 Rxe8 20. cxd4
Ned7 21. Rxe8+ Nxe8 22. Re1 Kf8 23. f3 f5 24. Kf2 Nef6 25. c4 Ba6 26. Nd2 Ne8
27. a4 Nd6 28. Rc1 Nb8 29. c5 Nc8 30. Ke3 Ne7 31. Kf4 g6 32. Ke5 Nbc6+ 33. Kd6
Nxd4 34. cxb6 axb6 35. Kc7 Nd5+ 36. Kd6 Bb7 37. Nc4 f4 38. Rd1 Nf5+ 39. Ke5
Nde3 40. Nxe3 fxe3 41. Kf4 Ba6 42. g4 e2 43. Re1 Nd4 44. Ke3 Nc2+ 45. Kd2 Nxe1
46. Kxe1 Ke7 47. f4 Ke6 48. h4 h5 49. gxh5 gxh5 50. Kf2 Kf5 0-1

[Event "Tetraktys Concept Mgmt Bl"]
[Site "Europe-Echecs INT"]
[Date "2021.06.06"]
[Round "7"]
[White "Firouzja, Mohammadreza"]
[Black "Dubois, Mart"]
[Result "1-0"]
[WhiteElo "2141"]
[BlackElo "1780"]
[PlyCount "67"]
[EventDate "2021.06.06"]
[SourceTitle "The Week in Chess 1387"]
[Source "Mark Crowther"]
[SourceDate "2021.06.07"]
[SourceVersion "1"]
[SourceVersionDate "2021.06.07"]
[SourceQuality "2"]

1. e4 e5 2. Nf3 d5 3. exd5 e4 4. Qe2 Nf6 5. d3 Qxd5 6. Nc3 Bb4 7. Nd2 Bxc3 8.
bxc3 O-O 9. Nxe4 Qc6 10. Nxf6+ gxf6 11. c4 Re8 12. Be3 Qa4 13. Qd2 Nc6 14. Be2
Nb4 15. Bd1 Bf5 16. c3 Nxd3+ 17. Qxd3 Qa5 18. Qd2 Rad8 19. Qc1 Bd3 20. Be2 Bxe2
21. Kxe2 Qa6 22. Rd1 Qxc4+ 23. Ke1 Rxd1+ 24. Qxd1 Qxc3+ 25. Kf1 Qc4+ 26. Kg1
Kh8 27. Qd4 Qe6 28. Rc1 b6 29. Rxc7 Re7 30. Qd8+ Kg7 31. Qxe7 Qxa2 32. h3 Qa1+
33. Kh2 Qc3 34. Rxc3 1-0

[Event "Rated Blitz tournament rNv8PMmP"]
[Site "?"]
[Date "2021.06.06"]
[Round "?"]
[White "tedi04_bcm"]
[Black "om_gendut"]
[Result "0-1"]
[WhiteElo "2251"]
[BlackElo "2414"]
[PlyCount "74"]
[EventDate "2021.??.??"]
[EventType "blitz"]

1. e4 e5 2. Nf3 d5 3. Nxe5 Bd6 4. d4 dxe4 5. Be3 Bxe5 6. dxe5 Qxd1+ 7. Kxd1 Nc6
8. Nc3 Bg4+ 9. Be2 O-O-O+ 10. Ke1 Nxe5 11. Nxe4 Bxe2 12. Kxe2 Nc4 13. b3 Nxe3
14. Kxe3 Ne7 15. Rhd1 Nf5+ 16. Kf4 Nd4 17. c3 Ne6+ 18. Ke3 Rxd1 19. Rxd1 Rd8
20. Rxd8+ Kxd8 21. f4 f5 22. Nd2 Ke7 23. Nc4 h6 24. g3 g5 25. Ne5 Kf6 26. Nd7+
Ke7 27. Ne5 a6 28. h4 Kf6 29. Nd7+ Ke7 30. Ne5 gxh4 31. gxh4 Nc5 32. Kd4 Ne4
33. c4 Ke6 34. h5 Nf6 35. Ng6 Nxh5 36. Ke3 Nf6 37. Nf8+ Kf7 {Time forfeit} 0-1

[Event "Rated Blitz game"]
[Site "?"]
[Date "2021.06.06"]
[Round "?"]
[White "aadimovski"]
[Black "batasjon"]
[Result "0-1"]
[WhiteElo "2418"]
[BlackElo "2370"]
[PlyCount "117"]
[EventDate "2021.??.??"]
[EventType "blitz"]

1. e4 e5 2. Nf3 d5 3. exd5 e4 4. Qe2 Nf6 5. d3 Qxd5 6. dxe4 Qxe4 7. Qxe4+ Nxe4
8. Bd3 Nc5 9. O-O Nxd3 10. cxd3 f6 11. Bf4 c6 12. Nc3 Bf5 13. Rfe1+ Kf7 14. d4
Bb4 15. a3 Ba5 16. b4 Bb6 17. d5 Rd8 18. d6 Rd7 19. Na4 Na6 20. Nxb6 axb6 21.
Nd4 Bd3 22. Re3 Bc4 23. Nf5 Nxb4 24. Rae1 Nd5 25. Re4 Nxf4 26. Rxf4 Bd5 27. a4
g6 28. Re7+ Rxe7 29. Nxe7 Rd8 30. Nxd5 cxd5 31. Rd4 Ke6 32. f4 Rxd6 33. Kf2 Rc6
34. Rb4 Kd6 35. Ke3 Kc5 36. Rb1 d4+ 37. Kd3 Re6 38. Rb5+ Kc6 39. Rb2 Rd6 40.
Rc2+ Kd7 41. Rb2 Ke6 42. Rb5 h5 43. h4 Rd5 44. Rxb6+ Kf5 45. g3 Ra5 46. Rb5+
Rxb5 47. axb5 Kg4 48. Kxd4 Kxg3 49. Kc5 Kxf4 50. Kb6 g5 51. Kxb7 gxh4 52. Kc6
h3 53. b6 h2 54. b7 h1=Q+ 55. Kc7 Qxb7+ 56. Kxb7 h4 57. Kc8 h3 58. Kd8 h2 59.
Ke8 {Normal} 0-1

[Event "Rated Blitz tournament Bve7Mtqo"]
[Site "?"]
[Date "2021.06.06"]
[Round "?"]
[White "SpeedMonkey"]
[Black "Lur15"]
[Result "1-0"]
[WhiteElo "2423"]
[BlackElo "2357"]
[PlyCount "63"]
[EventDate "2021.??.??"]
[EventType "blitz"]

1. e4 e5 2. Nf3 d5 3. exd5 e4 4. Qe2 Nf6 5. d3 Qxd5 6. Nbd2 Nc6 7. Nxe4 Be6 8.
Bg5 Be7 9. Nxf6+ gxf6 10. Bd2 O-O-O 11. c4 Qd7 12. O-O-O Rhe8 13. Bc3 Bb4 14.
Qd2 a5 15. d4 Bg4 16. d5 Bxf3 17. gxf3 Ne5 18. Bxb4 axb4 19. Qxb4 Nxf3 20. c5
Qf5 21. c6 b6 22. Bd3 Qg5+ 23. Kb1 Rxd5 24. Qc4 b5 25. Qc2 Ne5 26. Bf5+ Kb8 27.
Rxd5 Nc4 28. Rxb5+ Nb6 29. Rxb6+ cxb6 30. c7+ Ka7 31. c8=Q Rxc8 32. Qxc8 {
Normal} 1-0

[Event "Rated Blitz game"]
[Site "?"]
[Date "2021.06.06"]
[Round "?"]
[White "sathyanv"]
[Black "batasjon"]
[Result "1-0"]
[WhiteElo "2421"]
[BlackElo "2380"]
[PlyCount "63"]
[EventDate "2021.??.??"]
[EventType "blitz"]

1. e4 e5 2. Nf3 d5 3. exd5 e4 4. Ne5 Qxd5 5. d4 exd3 6. Nxd3 Nf6 7. Nc3 Qf5 8.
Be2 Bd6 9. O-O O-O 10. h3 Nc6 11. Be3 Re8 12. Qd2 Qg6 13. Kh1 Bf5 14. Bf4 Bxd3
15. Bxd3 Qh5 16. Bxd6 cxd6 17. Rae1 Ne5 18. Be2 Qg6 19. f4 Nc6 20. Bf3 Nh5 21.
Bxh5 Qxh5 22. Qxd6 Red8 23. Qc7 Nd4 24. Qxb7 h6 25. Qe4 f5 26. Qd3 Qh4 27. Re5
Kh8 28. Rd1 Nf3 29. Qxf3 Rxd1+ 30. Qxd1 Rd8 31. Qe2 Qxf4 32. Re8+ {Normal} 1-0

[Event "Rated Blitz tournament SFb74dHe"]
[Site "?"]
[Date "2021.06.06"]
[Round "?"]
[White "kingfischer007"]
[Black "Turkmentiger2020"]
[Result "0-1"]
[WhiteElo "2230"]
[BlackElo "2577"]
[PlyCount "112"]
[EventDate "2021.??.??"]
[EventType "blitz"]

1. e4 e5 2. Nf3 d5 3. exd5 e4 4. Nd4 Qxd5 5. Nb3 Nf6 6. Nc3 Qe5 7. Be2 Bd6 8.
d3 O-O 9. d4 Qe7 10. Be3 h6 11. Qd2 Nc6 12. h3 a5 13. a4 Bb4 14. Bc4 Be6 15.
Bxe6 fxe6 16. O-O-O Nd5 17. g4 b5 18. Nc5 bxa4 19. N5xa4 Rab8 20. h4 Bxc3 21.
Nxc3 Ncb4 22. Nxd5 exd5 23. Bxh6 Na2+ 24. Kb1 Qa3 25. c4 Nc3+ 26. Kc1 Nxd1 27.
Rxd1 gxh6 28. bxa3 Kh7 29. g5 Rf3 30. g6+ Kg7 31. Qxa5 Rbf8 32. Qxc7+ Kxg6 33.
Qc6+ R8f6 34. Qxd5 Rxf2 35. Qxe4+ Kh5 36. Rg1 Rf1+ 37. Rxf1 Rxf1+ 38. Kc2 Rg1
39. Qe2+ Kxh4 40. Qf2+ Rg3 41. d5 Kg4 42. d6 h5 43. d7 h4 44. d8=Q Rf3 45. Qd7+
Kf4 46. Qfd2+ Kg3 47. Q7d6+ Kg4 48. Qg2+ Rg3 49. Qg6+ Kf4 50. Qd2+ Ke5 51. Qd5+
Kf4 52. Qdf5+ Ke3 53. Qe4+ Kf2 54. Qgf5+ Kg1 55. Qd3 Rg2+ 56. Qd2 Kh2 {Time
forfeit} 0-1

[Event "Rated Blitz game"]
[Site "?"]
[Date "2021.06.06"]
[Round "?"]
[White "SomeCM"]
[Black "Slimslik02"]
[Result "1-0"]
[WhiteElo "2410"]
[BlackElo "2336"]
[PlyCount "89"]
[EventDate "2021.??.??"]
[EventType "blitz"]

1. e4 e5 2. Nf3 d5 3. exd5 e4 4. Qe2 Nf6 5. Nc3 Bb4 6. Nxe4 Kf8 7. Nxf6 Qxf6 8.
Qc4 Bd6 9. d4 h6 10. Be3 Nd7 11. O-O-O Nb6 12. Qb3 a5 13. c4 a4 14. Qc2 Bf5 15.
Bd3 Bxd3 16. Qxd3 Bf4 17. Nd2 c6 18. dxc6 bxc6 19. Qe4 Bxe3 20. fxe3 Re8 21.
Qd3 Qe7 22. Rde1 Qb4 23. a3 Qe7 24. Rhf1 Kg8 25. Nf3 h5 26. Ne5 Rf8 27. Nxc6
Qd6 28. Ne5 Rh6 29. c5 Qc7 30. Kb1 Nd5 31. e4 Nf6 32. Qc4 h4 33. Qxa4 h3 34. g3
Qb7 35. c6 Qc8 36. Qc4 Ng4 37. Nxg4 Qxg4 38. c7 Qd7 39. Rxf7 Rc6 40. Rxd7+ Rxc4
41. Rc1 Rxc1+ 42. Kxc1 Rf1+ 43. Kc2 Rf2+ 44. Kc3 Kh7 45. c8=Q {Time forfeit}
1-0

[Event "Rated Blitz tournament eGkwZ5gt"]
[Site "?"]
[Date "2021.06.06"]
[Round "?"]
[White "No_Move_Left"]
[Black "iskander2007"]
[Result "1-0"]
[WhiteElo "2598"]
[BlackElo "2275"]
[PlyCount "87"]
[EventDate "2021.??.??"]
[EventType "blitz"]

1. e4 e5 2. Nf3 d5 3. exd5 e4 4. Qe2 f5 5. d3 Nf6 6. dxe4 fxe4 7. Nc3 Bb4 8.
Bd2 Bxc3 9. Bxc3 O-O 10. Nd4 Qxd5 11. Qc4 c6 12. O-O-O Kh8 13. Qxd5 cxd5 14. f3
Nc6 15. Bb5 Bd7 16. Be2 Rac8 17. Rhf1 a6 18. Kb1 h6 19. a3 Kg8 20. Be1 Ne5 21.
Bg3 Ng6 22. Bd6 Rfe8 23. Rfe1 b5 24. Nb3 Re6 25. Bg3 Nh5 26. Rxd5 Nxg3 27. hxg3
Bc6 28. Rdd1 exf3 29. Bxf3 Rxe1 30. Rxe1 Ne5 31. Rxe5 Be8 32. Nc5 Bg6 33. b4 a5
34. Re6 Bf5 35. Re5 Bg6 36. Bd5+ Kh7 37. Be4 axb4 38. axb4 Rf8 39. Kb2 Rf2 40.
Bxg6+ Kxg6 41. Nd3 Rxg2 42. Nf4+ Kf6 43. Rxb5 Rxg3 44. Nh5+ {Normal} 1-0

[Event "Rated Blitz game"]
[Site "?"]
[Date "2021.06.06"]
[Round "?"]
[White "Maybach77"]
[Black "Slimslik02"]
[Result "1/2-1/2"]
[WhiteElo "2418"]
[BlackElo "2330"]
[PlyCount "127"]
[EventDate "2021.??.??"]
[EventType "blitz"]

1. e4 e5 2. Nf3 d5 3. exd5 e4 4. Qe2 Nf6 5. Nc3 Bb4 6. Nxe4 O-O 7. Nxf6+ Qxf6
8. c3 Ba5 9. d4 Bg4 10. Be3 c6 11. h3 Bxf3 12. Qxf3 Qxf3 13. gxf3 cxd5 14. Bd3
f5 15. Bf4 Nc6 16. Rg1 Rf7 17. Kd2 Nxd4 18. Rg3 Ne6 19. Be5 Bc7 20. Bxc7 Nxc7
21. Re1 g6 22. f4 Re8 23. Rge3 Kf8 24. Rxe8+ Nxe8 25. Re5 Nc7 26. Ke3 Re7 27.
Kd4 Kf7 28. Be2 Ne6+ 29. Ke3 Kf6 30. Bf3 Nc7 31. Kd4 Ne6+ 32. Ke3 g5 33. Kd2
Nxf4 34. Rxe7 Kxe7 35. Ke3 Kd6 36. h4 h6 37. b4 Ke5 38. hxg5 hxg5 39. a4 g4 40.
Bd1 Ng2+ 41. Kd3 Nf4+ 42. Ke3 Ne6 43. Bb3 d4+ 44. cxd4+ Nxd4 45. Bd1 b6 46. Kd3
Ne6 47. Kc4 a6 48. Be2 Nf4 49. Bf1 Ne6 50. Kc3 a5 51. bxa5 bxa5 52. Kc4 f4 53.
Kb5 Nd4+ 54. Kxa5 Kd5 55. Kb6 Nb3 56. a5 Nxa5 57. Kxa5 Kd4 58. Be2 f3 59. Bd1
Kc3 60. Kb5 Kd2 61. Bb3 Ke1 62. Be6 Kxf2 63. Bxg4 Ke3 64. Bxf3 {Normal} 1/2-1/2

[Event "Rated Blitz game"]
[Site "?"]
[Date "2021.06.06"]
[Round "?"]
[White "Maybach77"]
[Black "Slimslik02"]
[Result "1-0"]
[WhiteElo "2421"]
[BlackElo "2327"]
[PlyCount "35"]
[EventDate "2021.??.??"]
[EventType "blitz"]

1. e4 e5 2. Nf3 d5 3. exd5 e4 4. Qe2 Nf6 5. Nc3 Bb4 6. Nxe4 O-O 7. Nxf6+ Qxf6
8. c3 Ba5 9. d4 c6 10. Bg5 Qg6 11. Qd2 cxd5 12. Bd3 Qb6 13. b4 Re8+ 14. Be3
Bxb4 15. cxb4 Nc6 16. a3 Nxd4 17. Nxd4 Qxd4 18. Bxh7+ {Normal} 1-0

[Event "Rated Blitz tournament eGkwZ5gt"]
[Site "?"]
[Date "2021.06.06"]
[Round "?"]
[White "PimponNicois"]
[Black "iskander2007"]
[Result "0-1"]
[WhiteElo "2408"]
[BlackElo "2244"]
[PlyCount "38"]
[EventDate "2021.??.??"]
[EventType "blitz"]

1. e4 e5 2. Nf3 d5 3. exd5 e4 4. Qe2 f5 5. d3 Nf6 6. dxe4 fxe4 7. Nbd2 Bb4 8.
c3 Be7 9. Nxe4 Nxe4 10. Qxe4 O-O 11. Be3 Bf5 12. Qc4 Bd6 13. Be2 Nd7 14. O-O
Qf6 15. Bg5 Qg6 16. Bh4 Rae8 17. Bg3 Nb6 18. Nh4 Qf6 19. Qb5 a6 {Normal} 0-1

[Event "Rated Blitz game"]
[Site "?"]
[Date "2021.06.06"]
[Round "?"]
[White "ProfIsraelSmith"]
[Black "Slimslik02"]
[Result "1-0"]
[WhiteElo "2413"]
[BlackElo "2377"]
[PlyCount "59"]
[EventDate "2021.??.??"]
[EventType "blitz"]

1. e4 e5 2. Nf3 d5 3. Nc3 d4 4. Ne2 Bd6 5. Ng3 h5 6. h4 Bg4 7. Be2 Nc6 8. d3
Qd7 9. a3 O-O-O 10. b4 Kb8 11. Bd2 a6 12. Rb1 Na7 13. c3 dxc3 14. Bxc3 f6 15.
a4 Ne7 16. d4 Ng6 17. d5 Nf4 18. O-O g5 19. b5 Nxe2+ 20. Qxe2 a5 21. b6 cxb6
22. Rxb6 gxh4 23. Rfb1 hxg3 24. Rxb7+ Qxb7 25. Rxb7+ Kxb7 26. Bxa5 Rc8 27. fxg3
Rc1+ 28. Kh2 h4 29. Qb2+ Ka6 30. Qb6# {Normal} 1-0

[Event "Rated Blitz game"]
[Site "?"]
[Date "2021.06.06"]
[Round "?"]
[White "semyi"]
[Black "dr_xStranger"]
[Result "0-1"]
[WhiteElo "2204"]
[BlackElo "2500"]
[PlyCount "74"]
[EventDate "2021.??.??"]
[EventType "blitz"]

1. e4 e5 2. Nf3 d5 3. Nxe5 Bd6 4. d4 dxe4 5. Nc4 Nf6 6. Be2 h6 7. Nxd6+ Qxd6 8.
c4 O-O 9. Nc3 Nc6 10. Be3 Rd8 11. d5 Ne5 12. O-O Bg4 13. Qd4 Bxe2 14. Nxe2 Re8
15. Rfd1 Rad8 16. Nc3 Neg4 17. g3 Nxe3 18. Qxe3 Ng4 19. Qd4 Ne5 20. Kg2 f5 21.
Ne2 Nf3 22. Qe3 Qf6 23. Nd4 Nxd4 24. Qxd4 Qxd4 25. Rxd4 Kf7 26. h4 Kf6 27. Rad1
Re7 28. b4 Red7 29. f4 exf3+ 30. Kxf3 g5 31. hxg5+ hxg5 32. Rh1 Kg6 33. Re1 Rf8
34. Re6+ Rf6 35. Rxf6+ Kxf6 36. c5 Re7 37. d6 cxd6 {Time forfeit} 0-1

[Event "Rated Blitz tournament eLaK0KsT"]
[Site "?"]
[Date "2021.06.06"]
[Round "?"]
[White "paur9"]
[Black "yatayo"]
[Result "0-1"]
[WhiteElo "2233"]
[BlackElo "2425"]
[PlyCount "46"]
[EventDate "2021.??.??"]
[EventType "blitz"]

1. e4 e5 2. Nf3 d5 3. Nxe5 dxe4 4. Nc4 Be6 5. Ne3 Nf6 6. Be2 Nc6 7. h3 Bd6 8.
O-O Qe7 9. c3 O-O-O 10. b4 h5 11. Qa4 Kb8 12. Na3 g5 13. Nb5 g4 14. Nxd6 Qxd6
15. h4 Ne5 16. c4 Nf3+ 17. Bxf3 gxf3 18. g3 Rhg8 19. Kh2 Ng4+ 20. Nxg4 Rxg4 21.
c5 Qe5 22. d4 Rxh4+ 23. Kg1 Qf5 {Normal} 0-1